Kraje Australii i Oceanii - Statystyki

Ogólne statystyki
  • Ten quiz został rozwiązany 344 razy
  • Średni wynik to 6 z 12
Odpowiedzi na mapie
Odpowiedzi zakodowano w zielono-czerwonej skali na mapie do tego quizu, zgodnie z poniższymi procentami.
 
Statystyki odpowiedzi
Odpowiedź % Poprawnych
Australia
96%
Papua-Nowa Gwinea
84%
Nowa Zelandia
83%
Kiribati
48%
Wyspy Marshalla
43%
Fidżi
41%
Nauru
39%
Wyspy Salomona
39%
Tonga
32%
Tuvalu
29%
Vanuatu
28%
Samoa
26%
Nie znaleziono quizów pasujących do podanych kryteriów
Rozkład punktacji
Procent ludzi z każdym wynikiem
Percentyl według liczby udzielonych odpowiedzi
Twoja historia wyników
Nie rozwiązałeś tego quizu